| Tag |
First Indicator |
Second Indicator |
Subfields |
| LEADER |
00000cam a2200000 4500 |
| 001 |
in00000041684 |
| 005 |
20151007074707.0 |
| 008 |
771117s1914 enka 00010 engm |
| 010 |
|
|
|a a 14001125
|
| 035 |
|
|
|a (OCoLC)03428047
|
| 035 |
|
|
|9 AAF1937AM
|
| 040 |
|
|
|a DLC
|c HDC
|d HDC
|d TXA
|d UtOrBLW
|
| 049 |
|
|
|a TXAM
|c [9775]
|
| 090 |
|
|
|a TR210
|b .Sh49
|
| 090 |
|
|
|a TR210
|b .S49
|
| 092 |
|
|
|a 541.35
|b S54p
|
| 100 |
1 |
|
|a Sheppard, S. E.
|q (Samuel Edward)
|
| 245 |
1 |
0 |
|a Photo-chemistry /
|c by S. E. Sheppard with illustrations and figures.
|
| 264 |
|
1 |
|a London,
|a New York [etc.] :
|b Longmans, Green, and Co.,
|c 1914.
|
| 300 |
|
|
|a ix, pages, 1 ., 461 pages, 1 unnumbered page :
|b illustrations, tables, diagrams ;
|c 20 cm.
|
| 336 |
|
|
|a text
|b txt
|2 rdacontent
|
| 337 |
|
|
|a unmediated
|b n
|2 rdamedia
|
| 338 |
|
|
|a volume
|b nc
|2 rdacarrier
|
| 490 |
1 |
|
|a Textbooks of physical chemistry
|
| 650 |
|
0 |
|a Photographic chemistry.
|
| 830 |
|
0 |
|a Textbooks of physical chemistry.
|
| 999 |
|
|
|a MARS
|
| 999 |
f |
f |
|s d9e6b019-f373-3cff-aa5a-817286354693
|i c110937f-6b10-3234-8c69-dd6851be71f1
|t 0
|
| 952 |
f |
f |
|p ric
|a Texas A&M University
|b Rellis Campus
|c Joint Library Facility
|d Remote Storage
|t 0
|e TR210 .S49
|h Library of Congress classification
|i unmediated -- volume
|m A14800936787
|
| 998 |
f |
f |
|a TR210 .S49
|t 0
|l Remote Storage
|